| 000 | 01694cam a2200421 i 4500 | ||
|---|---|---|---|
| 001 | 41349 | ||
| 003 | Mx-PuUPA | ||
| 005 | 20250410145515.0 | ||
| 008 | 140415s1998 sp a gr 001 0 spa d | ||
| 017 | _aB. 23.237-1998 | ||
| 020 | _a842644556X | ||
| 040 |
_aMx-PuUPA _bspa _cMx-PuUPA _dMx-PuUPA _erda |
||
| 041 | 1 |
_aspa _hger |
|
| 100 | 1 |
_aBuchholz, Quint, _d1957- _eilustrador _916942 |
|
| 240 | 1 | 0 |
_aBuchBilderBuch. _lEspañol |
| 245 | 1 | 0 |
_aEl libro de los libros : _bhistorias sobre imágenes / _cQuint Buchholz, [ilustrador]; autores, Jostein Gaarder, Herta Müller, Eduardo Mendoza [y otros 43] ; traductores, María Ángeles Grau, Claudia Conde, Anders Forsberg [y otros ocho] |
| 250 |
_aSegunda edición / _bmayo |
||
| 264 | 1 |
_aBarcelona, España : _bEditorial Lumen, _c1998 |
|
| 300 |
_a120 páginas : _bilustraciones ; _c24 cm |
||
| 336 |
_2rdacontent _atexto _btxt |
||
| 337 |
_2rdamedia _asin medio _bn |
||
| 338 |
_2rdacarrier _avolumen _bnc |
||
| 650 | 7 |
_2armarc _aLibros y lectura _vNovela |
|
| 650 | 7 |
_2armarc _aLiteratura _ySiglo XX _vAntologías |
|
| 650 | 7 |
_2armarc _aCuentos cortos _xTraducciones al español |
|
| 655 | 4 | _aNovela alemana | |
| 700 | 1 |
_aGaarder, Jostein, _eautor |
|
| 700 | 1 |
_aMüller, Herta, _eautor |
|
| 700 | 1 |
_aMendoza, Eduardo, _eautor |
|
| 700 | 1 |
_aGrau, María Ángeles, _etraductor |
|
| 700 | 1 |
_aConde, Claudia, _etraductor |
|
| 700 | 1 |
_aForsberg, Anders, _etraductor |
|
| 765 |
_aBuchholz, Quint _dZúrich : Sanssouci Verlag AG, ©1997 _tBuchBilderBuch |
||
| 942 |
_2ddc _cLI _h833.91 _iB5818 |
||
| 999 |
_c41349 _d41349 |
||